00680nam a22002057a 450000500170000001000150001702000260003203500140005803700160007208200140008810000220010224500940012425000070021826000650022527000850029030000270037549000130040270000300041570000290044520240715112149.0 aENG-140876 a9789390113224c670.00 aEN-124408 bMcGraw Hill 210a616.4 aGardner, David G. aGreenspan's Basic & Clinical Endocrinology/ced by David G. Gardner [and] Dolores Shoback a10 aChennaibMcGraw Hill Education (India) Private Limitedc2020 a444/1, Sri Ekambara Naicker Industrial Estate, Alapakkam, PorurbChennaie600116 axxiii, 916p.c28cm(pb) aVolume 2 aGardner, David G.eEditor aShoback, DoloreseEditor